Normal view
MARC view
Entry Topical Term
001 - CONTROL NUMBER
- control field: 10614
003 - CONTROL NUMBER IDENTIFIER
- control field: HDC
005 - DATE AND TIME OF LATEST TRANSACTION
- control field: 20230624073333.0
008 - FIXED-LENGTH DATA ELEMENTS
- fixed length control field: 210204|| aca||aabn | a|a d
040 ## - CATALOGING SOURCE
- Original cataloging agency: HDC
- Transcribing agency: HDC
150 ## - HEADING--TOPICAL TERM
- Topical term or geographic name entry element: food outlets
670 ## - SOURCE DATA FOUND
- Source citation: Work cat.: (HDC): Bernama 6035, Only 0.02 Per Cent Of Melaka Customary Land Developed By Pertam, [no year]
